[Event "Pinneberg-ch 37th"]
[Site "Pinneberg"]
[Date "2019.09.19"]
[Round "7"]
[White "Bremer, Wolfgang"]
[Black "Holzhausen, Joerg"]
[Result "1/2-1/2"]
[WhiteElo "1487"]
[BlackElo "1630"]
[PlyCount "32"]
[EventDate "2019.08.08"]
[EventType "swiss"]
[EventRounds "7"]
[EventCountry "GER"]
[SourceTitle "CBM 192 Extra"]
[Source "Chessbase"]
[SourceDate "2019.11.06"]
[SourceVersion "1"]
[SourceVersionDate "2019.11.06"]
[SourceQuality "1"]

1. d4 Nf6 2. Nf3 e6 3. g3 b6 4. Bg2 Nc6 5. 0-0 Bb7 6. a3 a5 7. Nbd2 d5 8. c3 Be7 9. b3 Ra7 10. Bb2 Qa8 11. Re1 0-0 12. Qc2 Nb8 13. b4 a4 14. Ra2 Nbd7 15. Rea1 Rc8 16. Qd1 Bd6 1/2-1/2

[Event "Pinneberg-ch 37th"]
[Site "Pinneberg"]
[Date "2019.09.05"]
[Round "5"]
[White "Nguyen, Duy Anh"]
[Black "Holzhausen, Joerg"]
[Result "1/2-1/2"]
[WhiteElo "1837"]
[BlackElo "1630"]
[PlyCount "33"]
[EventDate "2019.08.08"]
[EventType "swiss"]
[EventRounds "7"]
[EventCountry "GER"]
[SourceTitle "CBM 192 Extra"]
[Source "Chessbase"]
[SourceDate "2019.11.06"]
[SourceVersion "1"]
[SourceVersionDate "2019.11.06"]
[SourceQuality "1"]

1. e4 e5 2. Nf3 Nc6 3. Nc3 Nf6 4. d4 exd4 5. Nxd4 Be7 6. Nxc6 dxc6 7. Bf4 Be6 8. Qxd8+ Bxd8 9. 0-0-0 Nh5 10. Be3 Nf6 11. f3 0-0 12. Be2 Be7 13. a3 Rfd8 14. Rxd8+ Rxd8 15. Rd1 Rxd1+ 16. Kxd1 a5 17. Kd2 1/2-1/2